00521nam a22002057a 450000500170000001000130001702000110003003500130004103700160005404000120007008200150008210000150009724500650011224600060017726000540018327000100023730000300024765000130027765000250029020170124110122.0 aA-949930 c150.00 aA-949930 bCen Lib/Ret aDPLbEN a929.3bAHM aAhmed Khan aAn account of the loyal Mahomedans of India /cby Ahmed Khan b  bKhuda Bakhsh Oriental Public Libraryc1998aPatna bBihar avarious pagingsc21cm(Hb) aReligion aIndia -- Mahomedans